000 00775nam a2200205Ia 4500
005 20240530110943.0
008 140319s1994 xx 000 0 ara d
040 _aGCL /
_cGCL
082 0 4 _a366.1 /
_bم ت
100 1 _aمحمد عبدالله عنان
245 1 0 _aتاريخ الجمعيات السرية والحركات الهدامة فى المشرق /
_cمحمد عبدالله عنان
260 _aالقاهرة :
_bدار ام البنين للنشر والتوزيع ،
_c1994
300 _a223 ص ؛
_c24 سم
650 0 4 _aالجمعيات السرية
650 0 4 _aالشيوعية
650 0 4 _aالخرافات الدينية
653 _aالثورة على الاسلام
942 _2ddc
_cBK
999 _c66853
_d66853